Curso de Historia

Gespeichert in:
Bibliographische Detailangaben
1. Verfasser: Guay Autor
Format: keine Angabe
Sprache:Spanisch
Erschienen: Barcelona A Bergnes y compañía 1832
Katalog:MANES:  Suchergebnis im Bibliothekskatalog
Schulbuchspezifische Eigenschaften:
Tags: Tag hinzufügen
Keine Tags, Fügen Sie den ersten Tag hinzu!
Hinzugefügt zu:26.04.2016

MARC

LEADER 000000000a22000000004500
001 06393
003 OSt
008 160427s sp ||||| |||| 00| 0 spa d
041 1 |s pa 
040 |c centro_manes 
691 7 |a PRI 
100 1 |a Guay  |b Autor  |9 2430 
245 0 0 |a Curso de Historia 
260 3 |a Barcelona  |b A Bergnes y compañía  |c 1832 
300 |c 21 cm 
330 |a 5 
500 |a Nota general: De la Biblioteca de Conocimientos Humanos  |a Parte 1ª, 5 vol. 
690 0 |a HI 
942 |2 ddc  |c BK 
546 |a España 
999 |c 12367  |d 12367 
999 |c manes:12367  |d 12367